在空白地图上画出宁夏所有县级行政区Counties in Ningxia with an empty map - Statistics

General Stats
  • This quiz has been taken 48 times
  • The average score is 17 of 22
Answers on the Map
Answers color-coded by a green-red scale on the quiz's map according to % correct below.
 
Answer Stats
地级 县级 % Correct
银川市 西夏区
100%
吴忠市 青铜峡市
93%
中卫市 沙坡头区
93%
银川市 兴庆区
89%
银川市 金凤区
89%
银川市 灵武市
89%
银川市 贺兰县
86%
吴忠市 红寺堡区
86%
中卫市 中宁县
86%
石嘴山市 大武口区
82%
石嘴山市 惠农区
82%
石嘴山市 平罗县
82%
吴忠市 盐池县
79%
固原市 原州区
79%
中卫市 海原县
79%
固原市 西吉县
71%
固原市 隆德县
71%
吴忠市 同心县
68%
吴忠市 利通区
64%
银川市 永宁县
61%
固原市 泾源县
61%
固原市 彭阳县
54%
No matching quizzes found
Score Distribution
Percent of People with Each Score
Percentile by Number Answered
Your Score History
You have not taken this quiz